| 000 | 02710nam0a2200349 4500 | ||
|---|---|---|---|
| 001 | RU\NLR\BIBL_A\016216003 | ||
| 005 | 20230124153620.0 | ||
| 010 |
_a978-5-17-127161-9 _92000 |
||
| 021 |
_aRU _bКН-П-22-074364 _9КН-П-22-6475 |
||
| 035 | _a(NLR Aleph) 016216003 | ||
| 035 | _a(RuMoRGB)011308800 | ||
| 090 |
_a12722465 _c12722465 |
||
| 100 | _a20221123d2022 u y0rusy50 ca | ||
| 101 | 1 |
_arus _cita |
|
| 102 | _aRU | ||
| 105 | _ay z 000ay | ||
| 181 | 0 |
_ai _baxxe |
|
| 182 | 0 | _an | |
| 200 | 1 |
_aЛегенда о великой волне _e[роман] _fДарио Тонани _gперевод с итальянского Марины Яшиной |
|
| 203 |
_aТекст _bвизуальный _cнепосредственный |
||
| 210 |
_aМосква _cАСТ _d2022 |
||
| 215 |
_a379, [2] с. _d21 |
||
| 225 | 1 | _aЗвезды научной фантастики | |
| 330 | _aМир9 - смертоносная планета, покрытая ядовитыми песками. Чтобы выжить здесь, люди совершенствовали свое искусство механики, превратив все вокруг в царство машин и ржавчины. Здесь пустыни бороздят огромные корабли, разумные и хищные, а жуткая болезнь превращает человеческую плоть в металл. В этом мире живет Найла, капитан старого китобойного судна по имени Сиракк, теперь ставшего грузовым. Найла идет по следам горбатых китов, обитающих в песках, она ищет Великую волну, невероятное физическое явление, которое никто из людей пока не видел, а кто видел, уже ничего не расскажет. Для кого-то это всего лишь предание. Для кого-то суеверие. Для кого-то настоящая опасность. Для Найлы - единственная цель в жизни, возможность вернуть на Мир9 покой и дать ему будущее, ведь существует легенда, что Великой волной можно управлять | ||
| 333 | _a16+ | ||
| 686 | 1 | _aШ6(4Ит)67-445{Лх1609-62} | |
| 700 | 1 |
_7ca _8rus _aТонани _bД. _f1959- _gДарио _9246956 _3RU\NLR\AUTH\770247012 |
|
| 942 | _cBOOK | ||
| 980 | _aNB | ||